| 000 | nam a22 7a 4500 | ||
|---|---|---|---|
| 999 |
_c233497 _d233497 |
||
| 003 | Nust | ||
| 005 | 20170308115552.0 | ||
| 008 | 170308b xxu||||| |||| 00| 0 eng d | ||
| 040 | _c0 | ||
| 082 | _a070.44 | ||
| 100 | _4Arora, Neha, | ||
| 245 |
_aTechniques of feature writing and mass communication _cArora, Neha, |
||
| 260 |
_aNew Delhi _bRandom publications _c2014 |
||
| 300 | _a297p | ||
| 942 |
_2ddc _cBK |
||